Normal view
MARC view
- Police abstract of intelligence, Punjab.
Entry Uniform Title
001 - CONTROL NUMBER
- control field: 1670
003 - CONTROL NUMBER IDENTIFIER
- control field: NUST
005 - DATE AND TIME OF LATEST TRANSACTION
- control field: 20170530143605.0
008 - FIXED-LENGTH DATA ELEMENTS
- fixed length control field: 170530|| aca||aabn | a|a d
040 ## - CATALOGING SOURCE
- Original cataloging agency: NUST
- Transcribing agency: NUST
130 ## - HEADING--UNIFORM TITLE
- Uniform title: Police abstract of intelligence, Punjab.
670 ## - SOURCE DATA FOUND
- Source citation: Work cat.: (NUST)3067: Dr. Nadeem Shafiq Malik. 1666, Allama Iqbal :, 2015
